000 00331nam a2200145 i 4500
001 bg
100 1 _aMOLSKI, M.
245 0 _aPodstawy teorii układów logicznych /
_cM. Molski.
250 _aWyd.2.
260 _aBydgoszcz,
_c1986.
040 _cBPK
041 _apol
942 _cKS
008 s pl f |000 0 pol
999 _c3273
_d3273
856 _uhttp://koha.tu.koszalin.pl/cgi-bin/koha/opac-detail.pl?biblionumber=3273
_yKatalog online BPK